Największe miasta świata - Statystyki

Ogólne statystyki
  • Ten quiz został rozwiązany 6 821 razy
  • Średni wynik to 6 z 15
Statystyki odpowiedzi
Populacja Miasto % Poprawnych
38,140,000 Tokio
92%
21,542,000 Pekin
83%
26,317,104 Szanghaj
54%
15,067,724 Stambuł
52%
21,319,229 Meksyk
51%
26,454,000 Delhi
47%
20,439,541 Kair
44%
33.652.991 Sao Paulo
38%
31,689,592 Dżakarta
32%
20,748,395 Bombaj
29%
19,302,746 Osaka
27%
21,000,000 Lagos
24%
14,904,400 Kanton
18%
30,484,300 Chongqing
5%
18,126,225 Chengdu
3%
Nie znaleziono quizów pasujących do podanych kryteriów
Rozkład punktacji
Procent ludzi z każdym wynikiem
Percentyl według liczby udzielonych odpowiedzi
Twoja historia wyników
Nie rozwiązałeś tego quizu